Vstup Malty do Evropské unie se blíží příprava CBM na vstup do EU a do Evropského systému centrálních bank

Príprava Centrálnej banky Malty (Central Bank of Malta, CBM) na vstup do Európskej únie. Činnosť a základné atribúty nezávislosti CBM. Menová politika. Vzťahy s medzinárodnými inštitúciami.

Gespeichert in:
Bibliographische Detailangaben
1. Verfasser: Němcová, Hana
Format: Buchkapitel
Sprache:Tschechisch
Schlagworte:
Tags: Tag hinzufügen
Keine Tags, Fügen Sie das erste Tag hinzu!

MARC

LEADER 00000naa a2200000 4500
001 r046835
005 20231004072724.6
041 0 |a cze 
044 |a CZ 
245 1 0 |a Vstup Malty do Evropské unie se blíží  |b příprava CBM na vstup do EU a do Evropského systému centrálních bank  |c Hana Němcová 
520 |a Príprava Centrálnej banky Malty (Central Bank of Malta, CBM) na vstup do Európskej únie. Činnosť a základné atribúty nezávislosti CBM. Menová politika. Vzťahy s medzinárodnými inštitúciami. 
610 2 0 |a Malta 
610 2 0 |a Európska únia 
610 2 0 |a integrácia ekonomická medzinárodná 
610 2 0 |a banky centrálne 
610 2 0 |a politika menová 
610 2 0 |a nezávislosť 
610 2 0 |a Central Bank of Malta 
610 2 0 |a Európsky systém centrálnych bánk 
100 1 |a Němcová, Hana